[Event "Remembering Caissa - for Joe ;-)"]
[Site "SchemingMind.com"]
[Date "2012.05.16"]
[Round "-"]
[White "Wolli"]
[Black "Number34"]
[Result "0-1"]
[WhiteCountry "GER"]
[BlackCountry "USA"]
[WhiteElo "1754"]
[WhiteRD "111"]
[BlackElo "2359"]
[BlackRD "85"]
[GameID "310244"]

1. c4 Nf6 2. g3 g6 3. Bg2 Bg7 4. e3 c6 5. Nc3 O-O 6. Nge2 d5 7. cxd5 cxd5 8. d4 Nc6 9. O-O b6 10. a3 Ba6
11. Re1 Rc8 12. b4 Bc4 13. Bb2 e5 14. Rc1 exd4 15. Nxd4 Ne4 16. Nxe4 Nxd4 17. Bxd4 dxe4 18. Bxe4 Bxd4 19. Qxd4 Qxd4 20. exd4 Rfd8
21. Bb7 Rb8 22. Rxc4 Rxb7 23. a4 Rbd7 24. Rd1 Kf8 25. Kf1 Kg7 26. b5 h5 27. h4 Re8 28. Re1 Rxe1+ 29. Kxe1 Kh6 30. Ke2 f6
31. f4 g5 32. hxg5+ fxg5 33. Rc6+ Kg7 34. Ke3 Re7+ 35. Kf3 g4+ 36. Kf2 Rd7 37. Ke3 Re7+ 38. Kd3 Re1 39. d5 Rg1 40. Ke4 Rxg3
41. Rc7+ Kf6 42. Rh7 Ra3 43. Rh6+ Kg7 44. Kf5 Kxh6
0-1

[Event "Remembering Caissa - for Joe ;-)"]
[Site "SchemingMind.com"]
[Date "2012.05.14"]
[Round "-"]
[White "Clive Everill"]
[Black "Derek"]
[Result "1-0"]
[WhiteCountry "CZE"]
[BlackCountry "ENG"]
[WhiteElo "1809"]
[WhiteRD "55"]
[BlackElo "1737"]
[BlackRD "85"]
[GameID "310245"]

1. e4 c6 2. d4 d5 3. Nd2 e6 4. Ngf3 dxe4 5. Nxe4 Nd7 6. Bd3 Ngf6 7. O-O Be7 8. Bf4 O-O 9. c4 b6 10. Nd6 Qc7
11. Nxc8 Qxf4 12. Nxe7+ Kh8 13. Nxc6
1-0

[Event "Remembering Caissa - for Joe ;-)"]
[Site "SchemingMind.com"]
[Date "2012.05.13"]
[Round "-"]
[White "Phillip Beckett"]
[Black "spoke"]
[Result "0-1"]
[WhiteCountry "ENG"]
[BlackCountry "GER"]
[WhiteElo "1593"]
[WhiteRD "56"]
[BlackElo "1887"]
[BlackRD "68"]
[GameID "310247"]

1. e4 e5 2. Nf3 Nc6 3. Bb5 Bb4 4. O-O Nge7 5. c3 Ba5 6. d3 O-O 7. Nbd2 a6 8. Ba4 d6 9. Re1 Bg4 10. h3 Bh5
11. Nf1 f6 12. Ng3 Bf7 13. Bb3 d5 14. exd5 Bxd5 15. Bc2 Bxf3 16. Qxf3 Nd4 17. Bb3+ Nxb3 18. axb3 Nc6 19. Qf5 Nd4 20. Qe4 Nc6
21. Qc4+ Kh8 22. Be3 Bb6 23. Bxb6 cxb6 24. Ne4 Rc8 25. Qe6 f5 26. Ng3 Rf6 27. Qc4 Nd4 28. Qxc8 Qxc8 29. cxd4 exd4 30. Rac1 Rc6
31. Rxc6 bxc6 32. Re5 g6 33. Ne2 Qd7 34. Nf4 Qd6 35. Re8+ Kg7 36. Ne6+ Kf7 37. Rh8 Qxe6 38. Rxh7+ Kf6
0-1

[Event "Remembering Caissa - for Joe ;-)"]
[Site "SchemingMind.com"]
[Date "2012.05.12"]
[Round "-"]
[White "Scooter"]
[Black "Austin Lockwood"]
[Result "0-1"]
[WhiteCountry "USA"]
[BlackCountry "ENG"]
[WhiteElo "1801"]
[WhiteRD "49"]
[BlackElo "1872"]
[BlackRD "113"]
[GameID "310248"]

1. d4 Nf6 2. Nf3 d5 3. Bf4 e6 4. h3 Bd6 5. Bxd6 Qxd6 6. c3 O-O 7. e3 Nc6 8. Be2 e5 9. dxe5 Nxe5 10. Nbd2 Nxf3+
11. Nxf3 b6 12. O-O Bb7 13. Nd4 Ne4 14. Nf5 Qf6 15. Nd4 c5 16. Nf3 Rad8 17. Qa4 a5 18. Rfd1 Bc8 19. Bb5 Bxh3 20. Bc6 Bxg2
21. Kxg2 Qf5 22. Rxd5 Qg4+ 23. Kf1 Qxf3 24. Qc2 Ng3+ 25. Ke1 Rxd5 26. Bxd5 Qxd5
0-1

[Event "Remembering Caissa - for Joe ;-)"]
[Site "SchemingMind.com"]
[Date "2012.05.16"]
[Round "-"]
[White "Number34"]
[Black "Wolli"]
[Result "1-0"]
[WhiteCountry "USA"]
[BlackCountry "GER"]
[WhiteElo "2359"]
[WhiteRD "85"]
[BlackElo "1754"]
[BlackRD "111"]
[GameID "310252"]

1. e4 d6 2. d4 Nf6 3. Nc3 g6 4. Be3 c6 5. h3 Nbd7 6. f4 Qb6 7. Qc1 Bg7 8. Nf3 O-O 9. Bd3 Qc7 10. O-O e5
11. Qd2 b5 12. dxe5 dxe5 13. a3 Bb7 14. Rad1 exf4 15. Bxf4 Qb6+ 16. Rf2 Rad8 17. Bd6 Rfe8 18. e5 Nd5 19. Nxd5 cxd5 20. Qf4 Bc6
21. e6 fxe6 22. Bc7 Qc5 23. b4 Qe7 24. Bxd8 Qxd8 25. Nd4 Bxd4 26. Qxd4 a6 27. Qg4 Nf8 28. Rdf1 Bd7 29. Qf3 Qe7 30. h4 Qxh4
31. Qf7+ Kh8 32. Rf4 Qg5 33. Qxf8+ Rxf8 34. Rxf8+ Kg7 35. R1f7+ Kh6 36. Rxd7 Qc1+ 37. Kh2 Qxa3 38. Rh8 Qxb4 39. Rhxh7+ Kg5 40. Rdg7 Qf4+
41. g3 Qf2+ 42. Kh3
1-0

[Event "Remembering Caissa - for Joe ;-)"]
[Site "SchemingMind.com"]
[Date "2012.05.14"]
[Round "-"]
[White "Derek"]
[Black "Clive Everill"]
[Result "1-0"]
[WhiteCountry "ENG"]
[BlackCountry "CZE"]
[WhiteElo "1792"]
[WhiteRD "81"]
[BlackElo "1774"]
[BlackRD "56"]
[GameID "310253"]

1. d4 d5 2. c4 dxc4 3. e4 c5 4. d5 Nf6 5. Nc3 b5 6. Bg5 Qa5 7. Bd2 e6 8. Qc2 Ba6 9. dxe6 fxe6 10. Nd5 Qd8
11. Ne3 Be7 12. Nf3 O-O 13. a4 bxa4 14. Ng5 Qd7 15. Bxc4 Bxc4 16. Qxc4 Kh8 17. Nxe6 Rc8 18. Rxa4 Nc6 19. Nxc5 Bxc5 20. Qxc5 Ne7
21. Qa5 Nc6 22. Qf5 Qb7 23. Bc3 Nd8 24. Bxf6 gxf6 25. Qxf6+ Kg8 26. O-O Rc6 27. Qd4 Ne6 28. Rb4 Qc8 29. Qe5 a5 30. Nf5 Ra7
31. Nh6+ Kf8 32. Rb8
1-0

[Event "Remembering Caissa - for Joe ;-)"]
[Site "SchemingMind.com"]
[Date "2012.05.13"]
[Round "-"]
[White "spoke"]
[Black "Phillip Beckett"]
[Result "1-0"]
[WhiteCountry "GER"]
[BlackCountry "ENG"]
[WhiteElo "1887"]
[WhiteRD "68"]
[BlackElo "1593"]
[BlackRD "56"]
[GameID "310255"]

1. e4 e5 2. Nf3 Nc6 3. Bc4 Nf6 4. Ng5 Bc5 5. Bxf7+ Ke7 6. Bd5 Rf8 7. O-O d6 8. c3 Qe8 9. d4 exd4 10. cxd4 Nxd4
11. Be3 Qg6 12. Bxd4 Bxd4 13. Qxd4 Qxg5 14. Nd2 Bh3 15. e5 Nxd5 16. Qxd5 Rad8 17. exd6+ Rxd6 18. Qxg5+
1-0

[Event "Remembering Caissa - for Joe ;-)"]
[Site "SchemingMind.com"]
[Date "2012.05.12"]
[Round "-"]
[White "Austin Lockwood"]
[Black "Scooter"]
[Result "0-1"]
[WhiteCountry "ENG"]
[BlackCountry "USA"]
[WhiteElo "1872"]
[WhiteRD "113"]
[BlackElo "1801"]
[BlackRD "49"]
[GameID "310256"]

1. e4 c6 2. d4 d5 3. exd5 cxd5 4. c4 Nf6 5. Nc3 e6 6. Nf3 Bb4 7. Bd2 O-O 8. cxd5 Nxd5 9. Bc4 Bxc3 10. Bxc3 Nxc3
11. bxc3 Nc6 12. O-O a6 13. Qd3 b5 14. Qe4 bxc4 15. Qxc6 Qd5 16. Qc7 Bb7 17. Rab1 Bc6 18. Rbe1 Rfc8 19. Qf4 Qa5 20. Re3 Qxa2
21. Rfe1 Rab8 22. Ne5 Rb7 23. Nxc6 Rxc6 24. Rd1 Rb1 25. Ree1 Rcb6 26. Rxb1 Rxb1 27. Qe4 Rxe1+ 28. Qxe1 a5 29. g3 Qc2 30. Qe5 Qb1+
31. Kg2 a4
0-1

[Event "Remembering Caissa - for Joe ;-)"]
[Site "SchemingMind.com"]
[Date "2012.05.14"]
[Round "-"]
[White "Louis Lima"]
[Black "harsh"]
[Result "1/2-1/2"]
[WhiteCountry "ESP"]
[BlackCountry "IND"]
[WhiteElo "1826"]
[WhiteRD "134"]
[BlackElo "2012"]
[BlackRD "78"]
[GameID "310314"]

1. d4 Nf6 2. Nf3 e6 3. e3 c5 4. Bd3 Nc6 5. O-O d5 6. b3 Bd7 7. a3 Rc8 8. Nbd2 cxd4 9. exd4 Bd6 10. Bb2 O-O
11. Ne5 Be8 12. f4 Qb6 13. c3 Nxe5 14. fxe5 Bxe5 15. Kh1 Bb8 16. Rxf6 gxf6 17. Bxh7+ Kg7 18. Qg4+ Kxh7 19. Qh5+=
1/2-1/2

[Event "Remembering Caissa - for Joe ;-)"]
[Site "SchemingMind.com"]
[Date "2012.05.13"]
[Round "-"]
[White "Ingemar Assarsjö"]
[Black "sibelius"]
[Result "0-1"]
[WhiteCountry "SWE"]
[BlackCountry "USA"]
[WhiteElo "1901"]
[WhiteRD "91"]
[BlackElo "2332"]
[BlackRD "89"]
[GameID "310315"]

1. e4 c5 2. Nf3 g6 3. c3 Bg7 4. d4 cxd4 5. cxd4 d5 6. e5 Bg4 7. Qb3 Qd7 8. Bb5 Nc6 9. Bf4 e6 10. Nbd2 Nge7
11. O-O O-O 12. h3 Bxf3 13. Nxf3 a6 14. Bxc6 Nxc6 15. Qe3 Rfc8 16. Rac1 Na5 17. b3 Rxc1 18. Rxc1 Rc8 19. Rxc8+ Qxc8 20. Qc1 Qxc1+
21. Bxc1 Nc6 22. Bd2 f6 23. Bc3 b5 24. a3 fxe5 25. Nxe5 Bxe5 26. dxe5 d4 27. Bb2 d3 28. Bc3 Nd4 29. b4 Ne2+
0-1

[Event "Remembering Caissa - for Joe ;-)"]
[Site "SchemingMind.com"]
[Date "2012.05.16"]
[Round "-"]
[White "simon_w"]
[Black "ray winteringham"]
[Result "1-0"]
[WhiteCountry "IRL"]
[BlackCountry "ENG"]
[WhiteElo "1795"]
[WhiteRD "89"]
[BlackElo "1513"]
[BlackRD "53"]
[GameID "310316"]

1. d4 d5 2. c4 Nf6 3. cxd5 Nxd5 4. e4 Nb6 5. Nc3 e6 6. Nf3 Bb4 7. Be3 O-O 8. Be2 Nc6 9. O-O Bxc3 10. bxc3 Qf6
11. e5 Qe7 12. Qd3 a6 13. Ng5 g6 14. Ne4 Nd7 15. Bh6 Re8 16. Bg5 Qa3 17. Qh3 Qa4 18. Nf6+ Nxf6 19. Bxf6 Na5 20. Qh6
1-0

[Event "Remembering Caissa - for Joe ;-)"]
[Site "SchemingMind.com"]
[Date "2012.05.13"]
[Round "-"]
[White "harsh"]
[Black "Louis Lima"]
[Result "1-0"]
[WhiteCountry "IND"]
[BlackCountry "ESP"]
[WhiteElo "1990"]
[WhiteRD "79"]
[BlackElo "1880"]
[BlackRD "93"]
[GameID "310320"]

1. d4 Nf6 2. c4 c5 3. d5 e5 4. Nc3 d6 5. e4 Nbd7 6. Bg5 Be7 7. Be2 Nxd5 8. Bxe7 Nxc3 9. Bxd8 Nxd1 10. Bc7 Nxb2
11. Bxd6 Na4 12. Bd1 Nb2 13. Be2 Na4 14. Nf3 f6 15. O-O Kf7 16. Nd2 Ke6 17. Bc7 Ndb6 18. f4 exf4 19. Bxf4 Bd7 20. Rae1 Nc3
21. Bg4+ Ke7 22. Bf3 Bc6 23. e5 f5 24. Bxc6 bxc6 25. e6 h6 26. Be5 Nxa2 27. Bxg7 Rh7 28. Bb2 Nb4 29. Re3 Rd8 30. Bc3 Rxd2
31. Bxd2 Nxc4 32. Ra1 a5 33. Re2 Nxd2 34. Rxd2 Kxe6 35. Rc1 a4 36. Rxc5 Ra7 37. Re2+ Kf6 38. Rf2 a3 39. Rfxf5+ Kg6 40. Ra5 Rxa5
41. Rxa5 a2 42. Kf2 Kf6 43. Ke2 Ke6 44. g4 c5 45. Kd2 Kd5 46. Kc3 Ke4 47. Kc4 Kf4 48. Kxc5 Nd3+ 49. Kd4 Nc1 50. Kc3 Kxg4
51. Kc2 Ne2 52. Kd2 a1=Q 53. Rxa1 Nf4 54. Ke3 Nh3 55. Ra4+ Kh5 56. Kf3 Ng5+ 57. Kg3 Nf7 58. Ra5+ Kg6 59. Kg4
1-0

[Event "Remembering Caissa - for Joe ;-)"]
[Site "SchemingMind.com"]
[Date "2012.05.13"]
[Round "-"]
[White "sibelius"]
[Black "Ingemar Assarsjö"]
[Result "1-0"]
[WhiteCountry "USA"]
[BlackCountry "SWE"]
[WhiteElo "2332"]
[WhiteRD "89"]
[BlackElo "1901"]
[BlackRD "91"]
[GameID "310321"]

1. e4 e5 2. Nf3 Nc6 3. d4 exd4 4. Bc4 Nf6 5. e5 d5 6. Bb5 Ne4 7. Nxd4 Bd7 8. Bxc6 bxc6 9. O-O Bc5 10. Be3 Qe7
11. Re1 O-O 12. f3 Ng5 13. Nc3 Bb6 14. Qd2 Ne6 15. Rad1 Nxd4 16. Bxd4 Qb4 17. Bxb6 Qxb6+ 18. Re3 Be6 19. b3 Rad8 20. Qf2 d4
21. Red3 c5 22. Ne4 Bf5 23. c3 Bxe4 24. fxe4 Rde8 25. cxd4 cxd4 26. Rxd4 Rxe5 27. Rc4 Rfe8 28. Rd7 Rxe4 29. Rxe4
1-0

[Event "Remembering Caissa - for Joe ;-)"]
[Site "SchemingMind.com"]
[Date "2012.05.16"]
[Round "-"]
[White "ray winteringham"]
[Black "simon_w"]
[Result "0-1"]
[WhiteCountry "ENG"]
[BlackCountry "IRL"]
[WhiteElo "1513"]
[WhiteRD "53"]
[BlackElo "1795"]
[BlackRD "89"]
[GameID "310322"]

1. d4 d5 2. Nc3 Nf6 3. Nf3 e6 4. Bg5 Be7 5. Bxf6 Bxf6 6. e3 Nc6 7. Bb5 a6 8. Bxc6+ bxc6 9. O-O O-O 10. Ne2 Qe7
11. b3 c5 12. c3 cxd4 13. Nfxd4 c5 14. Nf3 Bb7 15. Nd2 Rfd8 16. Qc2 d4 17. Rab1 dxc3 18. Nxc3 Bxc3 19. Qxc3 Qg5 20. Nc4 Qxg2#
0-1

[Event "Remembering Caissa - for Joe ;-)"]
[Site "SchemingMind.com"]
[Date "2012.05.14"]
[Round "-"]
[White "Aadsje"]
[Black "Jari Laine"]
[Result "0-1"]
[WhiteCountry "NED"]
[BlackCountry "FIN"]
[WhiteElo "2235"]
[WhiteRD "63"]
[BlackElo "2387"]
[BlackRD "72"]
[GameID "310412"]

1. d4 e6 2. e4 d5 3. Nd2 Be7 4. c3 c5 5. Ngf3 Nc6 6. dxc5 Bxc5 7. Qe2 Nf6 8. exd5 Qxd5 9. Nb3 Be7 10. Bf4 Qf5
11. Bc7 Bd7 12. h3 Rc8 13. Bh2 O-O 14. Qd3 Rfd8 15. Rd1 Ne4 16. Be2 e5 17. Qe3 Be6 18. Bd3 Rxd3 19. Qxd3 Nb4 20. Qb1 Bc4
21. Nc1 Qg6 22. Bg3 f5 23. Nxe5 Qe6 24. Bf4 g5 25. Bh2 Bc5 26. Rf1 Nc6 27. Ncd3 f4
0-1

[Event "Remembering Caissa - for Joe ;-)"]
[Site "SchemingMind.com"]
[Date "2012.05.14"]
[Round "-"]
[White "Jari Laine"]
[Black "Aadsje"]
[Result "1-0"]
[WhiteCountry "FIN"]
[BlackCountry "NED"]
[WhiteElo "2387"]
[WhiteRD "72"]
[BlackElo "2235"]
[BlackRD "63"]
[GameID "310415"]

1. c4 e5 2. Nc3 Nf6 3. Nf3 Nc6 4. g3 d5 5. cxd5 Nxd5 6. Bg2 Nb6 7. O-O Be7 8. Rb1 a5 9. d3 f6 10. Be3 Nd4
11. Na4 Nxa4 12. Bxd4 Nb6 13. Bxb6 cxb6 14. Nd2 b5 15. Qb3 Qb6 16. Nc4 Qa6 17. Ne3 a4 18. Qc2 Bd6 19. Bd5 g6 20. Rfd1 Kf8
21. b3 a3 22. d4 Kg7 23. dxe5 Bxe5 24. Rd3 Re8 25. Rbd1 Qa5 26. Bxb7
1-0

[Event "Remembering Caissa - for Joe ;-)"]
[Site "SchemingMind.com"]
[Date "2012.06.03"]
[Round "-"]
[White "simon_w"]
[Black "Austin Lockwood"]
[Result "1-0"]
[WhiteCountry "IRL"]
[BlackCountry "ENG"]
[WhiteElo "1839"]
[WhiteRD "91"]
[BlackElo "1791"]
[BlackRD "103"]
[GameID "311396"]

1. e4 e5 2. Nf3 Nc6 3. Bc4 Nf6 4. d4 exd4 5. Nxd4 Nxe4 6. O-O Nd6 7. Re1+ Be7 8. Nxc6 dxc6 9. Bb3 O-O 10. Nc3 Bf5
11. Bf4 Bg5 12. Bg3 Qf6 13. Qf3 Rae8 14. h3 Bd7 15. Qd3 Bf5 16. Qf3 b5 17. Qxc6 b4 18. Nd5 Qd4 19. Rxe8 Nxe8 20. Re1 Be6
21. Nxc7 Nxc7 22. Bxc7 Qxb2 23. Be5 Qa3 24. Bxe6 fxe6 25. Qxe6+ Kh8 26. Qd7
1-0

[Event "Remembering Caissa - for Joe ;-)"]
[Site "SchemingMind.com"]
[Date "2012.06.03"]
[Round "-"]
[White "Austin Lockwood"]
[Black "simon_w"]
[Result "0-1"]
[WhiteCountry "ENG"]
[BlackCountry "IRL"]
[WhiteElo "1791"]
[WhiteRD "103"]
[BlackElo "1839"]
[BlackRD "91"]
[GameID "311398"]

1. e4 c5 2. b4 cxb4 3. a3 d5 4. exd5 Qxd5 5. Nf3 e5 6. axb4 Bxb4 7. c3 Be7 8. Na3 Nc6 9. Nb5 Qd7 10. d4 exd4
11. Bf4 Kf8 12. Nfxd4 Nf6 13. Bc4 a6 14. O-O g5 15. Bxg5 h6 16. Bxf6 Bxf6 17. Na3 Nxd4 18. cxd4 Qxd4 19. Qxd4 Bxd4 20. Rae1 b5
21. Re4 Bb6 22. Bd5 Rb8 23. Rfe1 Bf5 24. Re5 Bg6 25. Kh1 Kg7 26. R1e2 Rhc8
0-1

[Event "Remembering Caissa - for Joe ;-)"]
[Site "SchemingMind.com"]
[Date "2012.06.20"]
[Round "-"]
[White "sibelius"]
[Black "spoke"]
[Result "1-0"]
[WhiteCountry "USA"]
[BlackCountry "GER"]
[WhiteElo "2289"]
[WhiteRD "77"]
[BlackElo "1859"]
[BlackRD "71"]
[GameID "312275"]

1. e4 e5 2. Nf3 Nc6 3. d4 exd4 4. Bc4 Nf6 5. e5 d5 6. Bb5 Ne4 7. Nxd4 Bd7 8. Bxc6 bxc6 9. O-O Bc5 10. f3 Ng5
11. Be3 O-O 12. f4 Ne4 13. Nd2 f5 14. c4 a5 15. Nxe4 fxe4 16. cxd5 cxd5 17. Rc1 Bb6 18. Qb3 c6 19. Nxc6 Bxe3+ 20. Qxe3 Bxc6
21. Rxc6 Qd7 22. Rd6 Qb7 23. Qd4 Rad8 24. Rd1 Rxd6 25. exd6 Rd8 26. Qxd5+ Qxd5 27. Rxd5 Kf7 28. Rd4 Kf6 29. Kf2
1-0

[Event "Remembering Caissa - for Joe ;-)"]
[Site "SchemingMind.com"]
[Date "2012.06.20"]
[Round "-"]
[White "spoke"]
[Black "sibelius"]
[Result "0-1"]
[WhiteCountry "GER"]
[BlackCountry "USA"]
[WhiteElo "1880"]
[WhiteRD "70"]
[BlackElo "2307"]
[BlackRD "85"]
[GameID "312276"]

1. e4 c5 2. Nf3 g6 3. d4 cxd4 4. Nxd4 Nc6 5. c4 Bg7 6. Be3 Nf6 7. Nc3 Ng4 8. Qxg4 Nxd4 9. Qd1 Ne6 10. Rc1 O-O
11. Be2 b6 12. O-O Bb7 13. Qc2 Nd4 14. Bxd4 Bxd4 15. Qd3 e5 16. b3 Qg5 17. Nd5 f5 18. Bf3 Bxd5 19. cxd5 fxe4 20. Bxe4 Rxf2
21. Kh1 Raf8 22. Bf3 Rd2 23. Qe4 Rf4
0-1

[Event "Remembering Caissa - for Joe ;-)"]
[Site "SchemingMind.com"]
[Date "2012.09.04"]
[Round "-"]
[White "Number34"]
[Black "Clive Everill"]
[Result "0-1"]
[WhiteCountry "USA"]
[BlackCountry "CZE"]
[WhiteElo "2301"]
[WhiteRD "87"]
[BlackElo "1760"]
[BlackRD "50"]
[GameID "316859"]

1. d4 d6 2. e4 Nf6 3. Nc3 g6 4. Be3 Nbd7 5. Nf3 Bg7 6. h3 O-O 7. e5 Ne8 8. Bc4 Nb6 9. Bb3 c6 10. Qe2 d5
11. O-O-O a5 12. a3 a4 13. Ba2 Nc7 14. Ne1 f5 15. Nd3 Nd7 16. Nf4 b5 17. h4 Ba6 18. Nfxd5 Kh8 19. h5 b4 20. hxg6 e6
21. Rxh7+ Kg8 22. Qh5 Nf6 23. Rxg7+ Kxg7 24. Qh7+ Nxh7 25. gxh7 cxd5
0-1

[Event "Remembering Caissa - for Joe ;-)"]
[Site "SchemingMind.com"]
[Date "2012.09.04"]
[Round "-"]
[White "Clive Everill"]
[Black "Number34"]
[Result "1/2-1/2"]
[WhiteCountry "CZE"]
[BlackCountry "USA"]
[WhiteElo "1729"]
[WhiteRD "55"]
[BlackElo "2337"]
[BlackRD "85"]
[GameID "316863"]

1. Nf3 Nf6 2. c4 g6 3. Nc3 d5 4. cxd5 Nxd5 5. Qa4+ Nc6 6. Ne5 Qd6 7. Nxc6 Qxc6 8. Qxc6+ bxc6 9. g3 Bg7 10. Bg2 Be6=
1/2-1/2

[Event "Remembering Caissa - for Joe ;-)"]
[Site "SchemingMind.com"]
[Date "2012.09.26"]
[Round "-"]
[White "harsh"]
[Black "Jari Laine"]
[Result "0-1"]
[WhiteCountry "IND"]
[BlackCountry "FIN"]
[WhiteElo "2034"]
[WhiteRD "79"]
[BlackElo "2374"]
[BlackRD "71"]
[GameID "318294"]

1. d4 Nf6 2. c4 g6 3. Nf3 Bg7 4. g3 d5 5. Bg2 O-O 6. cxd5 Nxd5 7. e4 Nb6 8. O-O Bg4 9. e5 Nc6 10. Be3 Qd7
11. Nbd2 Rad8 12. Rc1 Nxd4 13. Bxd4 Qxd4 14. Qc2 Qb4 15. a3 Qb5 16. Qxc7 Bh6 17. Rcd1 Rd7 18. Qc2 Rfd8 19. Nb3 Rc8
0-1

[Event "Remembering Caissa - for Joe ;-)"]
[Site "SchemingMind.com"]
[Date "2012.09.26"]
[Round "-"]
[White "Jari Laine"]
[Black "harsh"]
[Result "1-0"]
[WhiteCountry "FIN"]
[BlackCountry "IND"]
[WhiteElo "2387"]
[WhiteRD "75"]
[BlackElo "2016"]
[BlackRD "81"]
[GameID "318295"]

1. d4 Nf6 2. c4 e6 3. Nc3 c5 4. d5 exd5 5. cxd5 d6 6. Nf3 g6 7. Bf4 Bg7 8. Qa4+ Bd7 9. Qb3 Bc8 10. Qb5+ Kf8
11. e4 a6 12. Qd3 Nh5 13. Bg5 Qe8 14. a4 f5 15. Be2 fxe4 16. Nxe4 Bf5 17. Nfd2 h6 18. Be3 Bxb2 19. Rb1 Nf6 20. Rxb2 Bxe4
21. Nxe4 Qxe4 22. Qxe4 Nxe4 23. Rxb7 Kg8 24. Bd3 Nf6 25. Bxg6
1-0

[Event "Remembering Caissa - for Joe ;-)"]
[Site "SchemingMind.com"]
[Date "2012.10.05"]
[Round "-"]
[White "Clive Everill"]
[Black "sibelius"]
[Result "0-1"]
[WhiteCountry "CZE"]
[BlackCountry "USA"]
[WhiteElo "1763"]
[WhiteRD "49"]
[BlackElo "2302"]
[BlackRD "81"]
[GameID "318838"]

1. e4 c5 2. Nc3 d6 3. f4 g6 4. Nf3 Bg7 5. Bc4 Nf6 6. O-O Nc6 7. d3 O-O 8. Qe1 Nd4 9. Nxd4 cxd4 10. Nd5 e6
11. Nxf6+ Bxf6 12. e5 Bg7 13. a3 dxe5 14. fxe5 Bd7 15. Bd2 Qc7 16. Bb4 Bxe5 17. Bxf8 Bxh2+ 18. Kh1 Rxf8 19. Rf3 Be5 20. a4 a6
21. Qd2 Bc6 22. Rh3 Bf4 23. Qf2 Qe5 24. Re1 Qg5 25. Re2 b5 26. axb5 axb5 27. Bb3 Ra8 28. Re1 b4 29. Qf1 Ra5 30. c4 bxc3
31. bxc3 Bg3 32. Rb1 Qg4 33. Bd5 Bxd5 34. Rb8+ Bxb8 35. Rxh7 Qxg2+
0-1

[Event "Remembering Caissa - for Joe ;-)"]
[Site "SchemingMind.com"]
[Date "2012.10.05"]
[Round "-"]
[White "sibelius"]
[Black "Clive Everill"]
[Result "1-0"]
[WhiteCountry "USA"]
[BlackCountry "CZE"]
[WhiteElo "2302"]
[WhiteRD "81"]
[BlackElo "1763"]
[BlackRD "49"]
[GameID "318849"]

1. e4 e6 2. d4 d5 3. Nc3 Nf6 4. Bg5 Be7 5. e5 Nfd7 6. Bxe7 Qxe7 7. f4 Nb6 8. Nf3 Bd7 9. Bd3 c5 10. O-O c4
11. Be2 O-O 12. b3 Nc6 13. Qd2 a6 14. Rab1 Qd8 15. bxc4 dxc4 16. Ng5 Ne7 17. Nge4 Nec8 18. Nc5 Bc6 19. f5 exf5 20. Rxf5 g6
21. Rf2 Qe7 22. Rbf1 Na7 23. Qh6 Nb5 24. N3e4 Bxe4 25. Nxe4 f5 26. exf6 Qf7 27. Ng5 Qc7 28. f7+
1-0

[Event "Remembering Caissa - for Joe ;-)"]
[Site "SchemingMind.com"]
[Date "2013.01.08"]
[Round "-"]
[White "Jari Laine"]
[Black "simon_w"]
[Result "1-0"]
[WhiteCountry "FIN"]
[BlackCountry "IRL"]
[WhiteElo "2382"]
[WhiteRD "75"]
[BlackElo "1811"]
[BlackRD "82"]
[GameID "324468"]

1. e4 e5 2. Nf3 Nc6 3. Bc4 Bc5 4. c3 Nf6 5. d3 a6 6. Bb3 d6 7. Nbd2 Ba7 8. Nf1 Ne7 9. Ng3 Bg4 10. h3 Bxf3
11. Qxf3 h6 12. Nh5 Ng6 13. Nxg7+
1-0

[Event "Remembering Caissa - for Joe ;-)"]
[Site "SchemingMind.com"]
[Date "2013.01.08"]
[Round "-"]
[White "simon_w"]
[Black "Jari Laine"]
[Result "0-1"]
[WhiteCountry "IRL"]
[BlackCountry "FIN"]
[WhiteElo "1807"]
[WhiteRD "88"]
[BlackElo "2404"]
[BlackRD "79"]
[GameID "324475"]

1. e4 c6 2. d4 d5 3. e5 Bf5 4. Nf3 e6 5. Be2 Nd7 6. O-O h6 7. c3 Ne7 8. Nbd2 Qc7 9. Re1 O-O-O 10. a4 Ng6
11. Nf1 Ne7 12. Ng3 Bh7 13. a5 a6 14. b4 Nf5 15. Nxf5 Bxf5 16. Nh4 Bh7 17. f4 Be7 18. Nf3 Be4 19. Bd3 f5 20. exf6 Nxf6
21. Ne5 Bd6 22. Qe2 Kb8 23. Bxa6 bxa6 24. Qxa6 Bxe5 25. fxe5 Ne8 26. Rxe4 dxe4 27. Be3 Qb7 28. Qc4 Nc7 29. Qb3 Nd5
0-1

[Event "Remembering Caissa - for Joe ;-)"]
[Site "SchemingMind.com"]
[Date "2013.04.17"]
[Round "-"]
[White "sibelius"]
[Black "Jari Laine"]
[Result "1/2-1/2"]
[WhiteCountry "USA"]
[BlackCountry "FIN"]
[WhiteElo "2236"]
[WhiteRD "75"]
[BlackElo "2430"]
[BlackRD "78"]
[GameID "330450"]

1. d4 Nf6 2. Nc3 d5 3. Bg5 h6 4. Bxf6 exf6 5. e3 Bb4 6. Ne2 c6 7. Nf4 Qa5 8. Qd2 Nd7 9. Bd3 f5 10. Nfe2 Nf6
11. a3 Bd6 12. Ne4 Qxd2+ 13. Nxd2 O-O 14. h3 g6 15. O-O Kg7 16. Nb3 b6 17. Rfd1 Bb7 18. c4 dxc4 19. Bxc4 Rac8 20. Rac1 Bb8
21. Nc3 h5 22. Ne2 Rfd8 23. a4 a5 24. Nd2 Rc7 25. Nf3 Ne4 26. Ne5 Re7 27. Nf3 Red7 28. Rd3 Bd6 29. Rdd1 c5 30. b3 Bc6=
1/2-1/2

[Event "Remembering Caissa - for Joe ;-)"]
[Site "SchemingMind.com"]
[Date "2013.04.17"]
[Round "-"]
[White "Jari Laine"]
[Black "sibelius"]
[Result "1-0"]
[WhiteCountry "FIN"]
[BlackCountry "USA"]
[WhiteElo "2430"]
[WhiteRD "78"]
[BlackElo "2236"]
[BlackRD "75"]
[GameID "330451"]

1. e4 c5 2. Nf3 g6 3. d4 cxd4 4. Nxd4 Bg7 5. Nc3 Nc6 6. Be3 Nf6 7. Bc4 O-O 8. Bb3 d6 9. f3 Nxd4 10. Bxd4 Bd7
11. Qd2 Rc8 12. O-O-O a6 13. h4 h5 14. g4 e5 15. Be3 hxg4 16. h5 Nxh5 17. Bg5 Nf6 18. Bh6 Nh5 19. fxg4 Bxg4 20. Rdg1 Kh7
21. Bxg7 Kxg7 22. Rxg4 Rh8 23. Rf1 Rc7 24. Nd5 Rd7 25. Rgg1 b5 26. Kb1 a5 27. a4 bxa4 28. Bxa4 Rb7 29. Bc6 Ra7 30. Rf5
1-0